| 000 | 00704nam a22002177a 4500 | ||
|---|---|---|---|
| 003 | OSt | ||
| 005 | 20220501195435.0 | ||
| 008 | 181129b xxu||||| |||| 00| 0 ara d | ||
| 040 | _aLB-BrCRDP | ||
| 082 | _a598.295 B764t | ||
| 100 | _aبولس، عصمت | ||
| 245 | _aطيورنا | ||
| 260 |
_aبيروت _bالمؤسسة الجامعية للدراسات والنشر و التوزيع, _c1980 |
||
| 300 |
_aص271 _cسم24 |
||
| 490 | _aموسوعة الثروة الطبيعية والصيد-1 | ||
| 650 | _aلبنان -- الطيور | ||
| 650 | _aلبنان -- أنواع الطيور | ||
| 650 | _aلبنان -- تربية الطيور | ||
| 700 | _aفايز داود | ||
| 942 |
_2ddc _cBK |
||
| 999 |
_c22128 _d22128 |
||